Heroes by City - Statistics

General Stats
  • This quiz has been taken 186 times
  • The average score is 5 of 20
Answer Stats
Hero City % Correct
Batman Gotham City
99%
Spider-man New York
91%
Superman Metropolis
71%
Robin Hood Nottingham
45%
Leonidas Sparta
34%
The Flash (Barry Allen) Central City
30%
Raphael New York
29%
Rorshach New York
18%
The Coon South Park
17%
Green Arrow Star City
14%
Green Lantern (Hal Jordan) Coast City
13%
Dick Tracy Chicago
11%
The Powerpuff Girls Townsville
11%
Ghost Rider (Johnny Blaze) Chicago
9%
Buffy the Vampire Slayer Sunnydale
9%
The Flash (Wally West) Keystone City
6%
Savage Dragon Chicago
4%
John Hartigan Basin City (Sin City)
3%
The Power Rangers Angel Grove
2%
The Tick The City
2%
No matching quizzes found
Score Distribution
Percent of People with Each Score
Percentile by Number Answered
Your Score History
You have not taken this quiz